Normal view MARC view
  • Español, Montse,

Entry Nombre Personal

Number of records used in: 1

001 - NUMERO DE CONTROL

  • campo de control: 50424

003 - IDENTIFICADOR DE NUMERO DE CONTROL

  • campo de control: DLC

005 - FECHA Y HORA DE LA ÜLTIMA TRANSACCIÓN

  • campo de control: 20231024130835.0

008 - DATOS DE LONGITUD FIJA

  • campo de control de longitud fija: 030226nn acnnnbabn |a aaa c

010 ## - NÚMERO DE CONTROL DE LA BIBLIOTECA DEL CONGRESO

  • Número de control LC: no2003018711

035 ## - NUMERO DE CONTROL

  • Número de control: (OCoLC)oca05982721

040 ## - FUENTE DE CATALOGACIÓN

  • Agencia original de catalogación: WaLyOCLC
  • Lenguaje de catalogación: spa
  • Description conventions: rda
  • Agencia de transcripción: WaLyOCLC
  • Agencia que lo modifica: ICrlF
  • Agencia que lo modifica: MX-MxUPN

046 ## - FECHAS CON CODIFICACIÓN ESPECIAL

  • Fecha de nacimiento: 1967
  • Fuente del formato de fecha: edtf

100 1# - ENCABEZAMIENTO - NOMBRE PERSONAL

  • Nombre personal: Español, Montse,
  • Fechas asociadas con el nombre: 1967-

377 ## - LENGUA ASOCIADA

  • Language code: spa

400 1# - VEÁSE - NOMBRE DE PERSONA

  • Personal name: Español Rodié, Montserrat,
  • Dates associated with a name: 1967-

400 1# - VEÁSE - NOMBRE DE PERSONA

  • Personal name: Rodié, Montserrat Español,
  • Dates associated with a name: 1967-

670 ## - FUENTE EN LA QUE SE LOCALIZARON DATOS

  • Cita de la fuente: El viaje de Omoh, 2002:
  • Información localizada: portada (Montse Español) página 111 (nac. 1967)

670 ## - FUENTE EN LA QUE SE LOCALIZARON DATOS

  • Cita de la fuente: OCLC, Feb. 26, 2003
  • Información localizada: (hdg.: Español, Montse, 1967- ; usage: Montse Español)

670 ## - FUENTE EN LA QUE SE LOCALIZARON DATOS

  • Cita de la fuente: Nico, espía en Pompeya, ©2015:
  • Información localizada: portada (Montse Español) contraportada (Montserrat Español Rodié)

902 ## - CATALOGADOR

  • Catalogador: VíctorGodínez/241023